000 01577nam a2200409 i 4500
001 126348
003 FINmELB
005 20241217175916.0
006 m o u
007 cr cn|||||||||
008 240822s2012 mx ob 000 0 spa d
020 _a9786070224904
_q(e-book)
035 _a(OCoLC)1453054395
040 _aFINmELB
_bspa
_erda
_cFINmELB
050 1 4 _aK3585
_bP957 2012
080 _a341.224/.229:349.6
082 0 4 _a341.762
_223
100 1 _aCano Valle, Fernando,
_ecoordinador.
245 1 3 _aEl principio precautorio /
_cFernando Cano Valle, coordinador.
264 1 _aMéxico, D. F. :
_bInstituto de Investigaciones Jurídicas, UNAM,
_c2012.
300 _a1 recurso en línea (341 páginas)
336 _atexto
_btxt
_2rdamedia/spa
337 _acomputadora
_bc
_2rdamedia/spa
338 _arecurso en línea
_bcr
_2rdacarrier/spa
490 1 _aSerie Ensayos juridicos ;
_v37
504 _aContiene bibliografía.
588 _aDescripción basada en metadatos suministrados por el editor y otras fuentes.
590 _aRecurso electrónico. Santa Fe, Arg.: elibro, 2024. Disponible vía World Wide Web. El acceso puede estar limitado para las bibliotecas afiliadas a elibro.
650 4 _aDerecho ambiental internacional.
650 4 _aPolítica ambiental.
650 4 _aProtección ambiental.
655 4 _aLibros electrónicos.
700 1 _aCano Valle, Fernando,
_ecoordinador.
797 2 _aelibro, Corp.
830 0 _aSerie Ensayos juridicos ;
_v37.
856 4 0 _uhttps://elibro.net/ereader/politecnicointernacional/270643
999 _c126348
_d126348